00868nam a2200229Ia 4500003000900000008004100009020001800050040001600068080001200084100002200096245014800118260004200266300001400308650002200322650003400344650004200378650003100420700003300451942000700484999001700491952013000508IN-BaIIA211028s9999 xx 000 0 eng d a3-527-40409-0 cIIA Library a52bRUD aRudiger, G928998 4aThe magnetic universebgeophysical and astrophysical dynamo theorycG. Rudiger and R. Hollerbach  aWeinheimbWiley-VCH Verlag Gmbhc2004 axi, 332p. aAstrophysics9794 aCosmic magnetic fields924627 aDynamo theory (Cosmic physics)928999 aMagnetohydrodynamics91666 aHollerbach, R. 929000 cBK c15729d15729 00104070aBANbBANcGENd2004-09-15eEDS g7246.25l0o52/ RUDp16651r2021-11-05v7246.25w2004-09-15yBKGRs. 7246.25